Comentarios al Cd̤igo Penal de Puerto Rico

Detalles Bibliográficos
Autor principal: Ortega-Vľez, Ruth E
Formato: eBook
Publicado: Barcelona: Editorial vLex, 2017
Materias:
Acceso en línea:Acceso restringido

MARC

LEADER 00000nam a22000007a 4500
005 20180104180953.0
007 cr|||| ||||
008 180104s2017 sp |||||s|||| 00||0 sp d
035 |a 20964 
040 |a vLex 
090 |c 7363  |d 7363 
100 1 |a Ortega-Vľez, Ruth E 
245 1 0 |a Comentarios al Cd̤igo Penal de Puerto Rico  |h [Recurso electrn̤ico] /  |c Ruth E Ortega-Vľez 
256 |a Servicio en ln̕ea 
260 |a Barcelona:  |b Editorial vLex,  |c 2017 
300 |a 1 recurso electrn̤ico 
506 1 |a Disponible solo en los productos indicados  |d vLex Global  |d vLex Global (Academic Edition, excluding Law Schools)  |d vLex Global (U.S. Academic Edition, Law Schools)  |d vLex Global (U.S. Academic Edition, excluding Law Schools)  |d vLex Global (Academic Edition, Law Schools) 
650 0 4 |a Cd̤igo Penal  |z Espaą 
740 0 |a vLex Libros (Servicio en ln̕ea) 
856 4 0 |u http://vlex.com/source/comentarios-codigo-penal-puerto-rico-20964  |z Acceso restringido 
942 |c BOOK 
999 0 |a Criminal law